| 000 | 00828nam a2200253 i 4500 | ||
|---|---|---|---|
| 001 | 66484 | ||
| 003 | ES-MaACL | ||
| 005 | 20240622062953.0 | ||
| 007 | t| | ||
| 008 | 030411s2002 sp ||||0| spa d | ||
| 020 | _a84-670-0311-1 | ||
| 040 |
_aM-BN _bspa _cM-BN |
||
| 080 | _a929 Fernán Gómez, Fernando (047.53) | ||
| 100 | 0 |
_aFernán Gómez, Fernando, _d1921-2007 _949315 |
|
| 245 | 1 | 0 |
_aConversaciones con Fernando Fernán Gómez / _cEnrique Brasó. |
| 260 |
_aMadrid : _bEspasa Calpe, _c[2002] |
||
| 300 |
_a302 p : _bfot. bl. y n. ; _c25 cm. |
||
| 504 | _aBibliografía: p. 290-291. Indices. | ||
| 600 | 1 | 4 |
_aFernán Gómez, Fernando- _vEntrevistas. _949316 |
| 650 |
_aCine- _zEspaña. _911025 |
||
| 700 | 1 |
_aBrasó, Enrique. _931388 |
|
| 852 |
_aES-MaACL _jL-26959 _bR.132534 |
||
| 999 |
_c66484 _d66484 |
||